| 000 | 01271cam a2200241 a 4500 | ||
|---|---|---|---|
| 999 |
_c58105 _d58105 |
||
| 001 | 16673470 | ||
| 005 | 20210616125237.0 | ||
| 008 | 110302s2011 ksua b 000 0 eng d | ||
| 020 | _a9781934575826 | ||
| 080 | _a616.896+37 B-49 | ||
| 100 | 1 |
_aBernard - Opitz, Vera _912060 |
|
| 245 | 1 | 0 |
_aVisual support for children with autism spectrum disorders : _bmaterials for visual learners / _cVera Bernard-Opitz and Anne Häussler ; foreword by Gary Mesibov. |
| 264 |
_aShawnee Mission, Kan. : _bAAPC Publishing, _c2011. |
||
| 300 |
_a228 p. : _bill. ; _c29 cm. |
||
| 653 | _aაუტიზმის სპექტრის აშლილობის მქონე ბავშვები | ||
| 653 | _aშეზღუდული შესაძლებლობის მქონე ბავშვების მასწავლებლები | ||
| 653 | _aУчителя детей с ограниченными возможностями | ||
| 700 | 1 |
_aHäussler, Anne. _eავტორი _912061 |
|
| 700 | 1 |
_aMesibov, Gary _eწინასიტყვაობის ავტორი _912062 |
|
| 942 |
_2udc _cBK |
||
| 955 |
_bxh14 2012-01-25 z-processor _axh14 2012-01-26 to USGEN _ire12 2012-04-13 telework to BCCD |
||
| 955 | _apc24 2011-03-02 | ||